Hranice vo vetre (Record no. 21320)
[ view plain ]
| 000 -LEADER | |
|---|---|
| fixed length control field | 01711cam a2200469 a 4500 |
| 001 - CONTROL NUMBER | |
| control field | 21320 |
| 003 - CONTROL NUMBER IDENTIFIER | |
| control field | VRT |
| 005 - DATE AND TIME OF LATEST TRANSACTION | |
| control field | 20260227101613.0 |
| 008 - FIXED-LENGTH DATA ELEMENTS--GENERAL INFORMATION | |
| fixed length control field | 230403s1955 xo gr 000 f slo |
| 015 ## - NATIONAL BIBLIOGRAPHY NUMBER | |
| National bibliography number | SNBA19451955-003313 |
| 020 ## - INTERNATIONAL STANDARD BOOK NUMBER | |
| Qualifying information | (brožované) |
| 035 ## - SYSTEM CONTROL NUMBER | |
| System control number | SK01SNKBKSFS20010064523 |
| 035 ## - SYSTEM CONTROL NUMBER | |
| System control number | urn:nbn:sk:snk-am3id61 |
| 035 ## - SYSTEM CONTROL NUMBER | |
| System control number | urn:nbn:sk:snk-am00e42j |
| 035 ## - SYSTEM CONTROL NUMBER | |
| System control number | 1FEBD58C-6390-4A64-8A91-5F1E151FDABC |
| 035 ## - SYSTEM CONTROL NUMBER | |
| System control number | SKM000066986 |
| 039 #9 - LEVEL OF BIBLIOGRAPHIC CONTROL AND CODING DETAIL [OBSOLETE] | |
| Level of rules in bibliographic description | 202304032044 |
| Level of effort used to assign nonsubject heading access points | VLOAD |
| Level of effort used to assign subject headings | 202212050953 |
| Level of effort used to assign classification | VLOAD |
| Level of effort used to assign subject headings | 202205120823 |
| Level of effort used to assign classification | VLOAD |
| Level of effort used to assign subject headings | 202106231914 |
| Level of effort used to assign classification | VLOAD |
| 040 ## - CATALOGING SOURCE | |
| Original cataloging agency | SNK |
| Language of cataloging | slo |
| Transcribing agency | SNK |
| Description conventions | AACR2 |
| 041 1# - LANGUAGE CODE | |
| Language code of text/sound track or separate title | slo |
| Language code of original | spa |
| 044 ## - COUNTRY OF PUBLISHING/PRODUCING ENTITY CODE | |
| MARC country code | xo |
| ISO country code | SK |
| 072 #7 - SUBJECT CATEGORY CODE | |
| Subject category code | 821.134.2-3 |
| Subject category code subdivision | Španielska próza, španielsky písaná |
| Source | konspekt |
| 080 ## - UNIVERSAL DECIMAL CLASSIFICATION NUMBER | |
| Universal Decimal Classification number | 821.134.2-31 |
| Edition identifier | 2011 |
| 100 1# - MAIN ENTRY--PERSONAL NAME | |
| Personal name | Gravina, Alfredo Dante, |
| Dates associated with a name | 1913-1995 |
| Relationship | aut |
| 240 10 - UNIFORM TITLE | |
| Uniform title | Fronteras al viento |
| Language of a work | Slovensky |
| 245 10 - TITLE STATEMENT | |
| Title | Hranice vo vetre |
| Statement of responsibility, etc. | Alfredo D. Gravina ; preložil, poznámky a doslov napísal Vladimír Oleríny ; obálku navrhol Aurel Kailich |
| 250 ## - EDITION STATEMENT | |
| Edition statement | 1. vydanie |
| 260 ## - PUBLICATION, DISTRIBUTION, ETC. | |
| Place of publication, distribution, etc. | Bratislava |
| Name of publisher, distributor, etc. | Slovenské vydavateľstvo krásnej literatúry |
| Date of publication, distribution, etc. | 1955 |
| Place of manufacture | Martin |
| Manufacturer | Severoslovenské tlačiarne |
| 300 ## - PHYSICAL DESCRIPTION | |
| Extent | 378 strán |
| Dimensions | 21 cm |
| 366 ## - TRADE AVAILABILITY INFORMATION | |
| Note | 3300 kusov |
| 490 1# - SERIES STATEMENT | |
| Series statement | Prameň |
| Volume/sequential designation | 22. zväzok |
| 500 ## - GENERAL NOTE | |
| General note | Frontispice |
| 500 ## - GENERAL NOTE | |
| General note | Preložené zo španielčiny |
| 655 #7 - INDEX TERM--GENRE/FORM | |
| Genre/form data or focus term | španielske romány |
| Source of term | SNKPH |
| 700 1# - ADDED ENTRY--PERSONAL NAME | |
| Personal name | Oleríny, Vladimír, |
| Dates associated with a name | 1921-2016 |
| Relationship | trl |
| -- | aui |
| 700 1# - ADDED ENTRY--PERSONAL NAME | |
| Personal name | Kajlich, Aurel, |
| Dates associated with a name | 1901-1973 |
| Relationship | bjd |
| 830 #0 - SERIES ADDED ENTRY--UNIFORM TITLE | |
| Uniform title | Prameň |
| 910 ## - USER-OPTION DATA (OCLC) | |
| User-option data | snk |
| 942 ## - ADDED ENTRY ELEMENTS (KOHA) | |
| Source of classification or shelving scheme | Dewey Decimal Classification |
| Koha item type | Krásna literatúra pre dospelých |
| Suppress in OPAC | No |
| 949 ## - LOCAL PROCESSING INFORMATION (OCLC) | |
| 6 | 2889012393 |
| a | savukB 47427 |
| o | PV 4673/55 |
| 949 ## - LOCAL PROCESSING INFORMATION (OCLC) | |
| 6 | 17A0772746 |
| a | snkSC 7009 |
| b | snk8634/55 |
| o | I.11687/55 - ev. č. |
| s | 6100:20190614 |
| Stav vyradenia | Strata | Poškodenie | Spôsob nadobudnutia | Domovská knižnica | Aktuálna knižnica | Dátum nadobudnutia | Total checkouts | Čiarový kód exemplára | Date last seen | Typ exemplára |
|---|---|---|---|---|---|---|---|---|---|---|
| Dar | Obecná knižnica Horná Štubňa | Obecná knižnica Horná Štubňa | 27.02.2026 | 4736201487 | 27.02.2026 | Krásna literatúra pre dospelých |
